000 00188nam a2200085Ia 4500
008 120527s9999 xx 000 0 und d
100 _aPayne, N. Joseph
245 _aMathematics
942 _cBK
999 _c27827
_d27827